[Event "GBR-ch U12 106th"]
[Site "Torquay"]
[Date "2019.07.28"]
[Round "1"]
[White "Guthrie, William"]
[Black "Adams, George"]
[Result "1-0"]
[WhiteElo "1458"]
[BlackElo "918"]
[PlyCount "79"]
[EventDate "2019.07.28"]
[EventType "swiss"]
[EventRounds "7"]
[EventCountry "ENG"]
[SourceTitle "EXT 2020"]
[Source "ChessBase"]
[SourceDate "2019.10.17"]
[SourceVersion "1"]
[SourceVersionDate "2019.10.17"]
[SourceQuality "1"]

1. e4 e5 2. Nf3 Nc6 3. Bb5 Nge7 4. 0-0 a6 5. Ba4 g6 6. c3 Bg7 7. Bb3 0-0 8. d4 Re8 9. Re1 d6 10. Nbd2 Bg4 11. h3 Bxf3 12. Nxf3 a5 13. Ng5 Bh6 14. Bxf7+ Kf8 15. Bxe8 Qxe8 16. Nxh7+ Kg8 17. Nf6+ Kf8 18. Nxe8 Kxe8 19. Bxh6 Kd7 20. Qg4+ Kd8 21. Re3 Ng8 22. Qg5+ Nge7 23. Bf8 Kc8 24. Bxe7 Kb8 25. b4 axb4 26. cxb4 Nxb4 27. a4 Nc2 28. Rea3 Nxd4 29. R1a2 Nc6 30. Bd8 Kc8 31. Bf6 b6 32. Qxg6 Kb7 33. Qg3 Nb4 34. Rb2 Nc6 35. Qc3 Rf8 36. Rc2 Na5 37. Qxc7+ Ka6 38. Bd8 Rxd8 39. Qxd8 Nb7 40. Qa8# 1-0